000 00323nam a22001457a 4500
008 210511b ||||| |||| 00| 0 eng d
020 _a035313700866
041 _aeng
080 _a7
082 _a7
100 _a46
101 _aART
245 _aThe Prop Builder's Mask-Making Handbook
_cJames,Th
942 _2udc
_cBK
999 _c57231
_d57231